000 00750 a2200169 4500
020 _a9810224419
040 _aDLC
_bEnglish
082 0 0 _a532.0501515353
245 1 0 _aProceedings of the Fifth International Conference on Hyperbolic Problems :
_btheory, numerics, applications : University at Stony Brook, New York, USA, 13-17, June 1994 /
_ceditors, J. Glimm ... [et al.].
246 1 8 _aHyperbolic problems :
_btheory, numerics, applications
260 _aSingapore ;
_aRiver Edge, N.J. :
_bWorld Scientific,
_cc1996.
300 _axi, 494 p. :
_bill. ;
_c23 cm.
650 0 _aDifferential equations, Hyperbolic
_xCongresses.
650 0 _aDifferential equations, Nonlinear
_xCongresses.
700 1 _aGlimm, James.
942 _cBK
_k532.0501515353 GLI
_2ddc
999 _c7746
_d7746